FIFA World Cup Host Cities - Sudden Death - Statistics

General Stats
  • This quiz has been taken 172 times
  • The average score is 17 of 50
Answers on the Grid
Answers color-coded by a green-red scale on the quiz's grid according to % correct below.
Rio de Janeiro
Paris
Beijing
Sydney
Rome
Amsterdam
Dubai
Kuala Lumpur
Istanbul
Düsseldorf
Mumbai
Warsaw
Naples
Jakarta
Marseille
Buenos Aires
Hong Kong
Toronto
Bangkok
Dublin
Chicago
Brussels
Frankfurt
Singapore
Pretoria
Shanghai
Riyadh
Lyon
Athens
Bucharest
Rosario
Hamburg
Lima
Vienna
São Paulo
Melbourne
Abu Dhabi
Berlin
Kyiv
Cairo
Montevideo
Johannesburg
Bari
Montreal
Saint Petersburg
Durban
Budapest
Osaka
Turin
Prague
Munich
Gothenburg
Oslo
Tel Aviv
Washington, D.C.
Basel
Zagreb
Guadalajara
Manchester
Sofia
Glasgow
Doha
Vancouver
Santiago
Bern
Karachi
Moscow
Barcelona
Amman
Liverpool
Dhaka
Milan
Alicante
Riga
Edinburgh
Cape Town
Baku
Casablanca
Madrid
Helsinki
Lusail
Sheffield
Bordeaux
Caracas
Belgrade
Mexico City
Yokohama
Sochi
Nairobi
Manila
Daegu
Florence
Jerusalem
Stuttgart
Seoul
London
Beirut
Lisbon
Zurich
 
Answer Stats
Answer % Correct
Rio de Janeiro
80%
Paris
79%
Rome
68%
Buenos Aires
45%
Marseille
43%
Berlin
41%
São Paulo
41%
Mexico City
40%
Moscow
40%
Frankfurt
39%
Manchester
39%
Naples
39%
Milan
38%
London
37%
Madrid
37%
Munich
36%
Cape Town
35%
Doha
34%
Düsseldorf
34%
Hamburg
34%
Johannesburg
34%
Liverpool
34%
Lyon
34%
Seoul
34%
Barcelona
33%
Stuttgart
33%
Montevideo
32%
Osaka
32%
Saint Petersburg
32%
Turin
32%
Florence
29%
Washington, D.C.
29%
Pretoria
28%
Guadalajara
27%
Bern
26%
Bordeaux
26%
Chicago
26%
Rosario
25%
Sochi
25%
Yokohama
25%
Zurich
25%
Santiago
24%
Sheffield
24%
Basel
22%
Gothenburg
21%
Lusail
19%
Durban
17%
Bari
15%
Daegu
15%
Alicante
11%
No matching quizzes found
Score Distribution
Percent of People with Each Score
Percentile by Number Answered
Your Score History
You have not taken this quiz